कला प्रकाश / (Record no. 47637)

MARC details
000 -LEADER
fixed length control field 01105nam a22002657a 4500
005 - DATE AND TIME OF LATEST TRANSACTION
control field 20100924103433.0
008 - FIXED-LENGTH DATA ELEMENTS--GENERAL INFORMATION
fixed length control field 100924t xxu||||| |||| 00| 0 hin d
010 ## - LCCN (DPL NO)
LC control number HIN-90588
020 ## - INTERNATIONAL STANDARD BOOK NUMBER
International Standard Book Number 9788170651178
Terms of availability 250.00
035 ## - SYSTEM CONTROL NUMBER
System control number HN-62934
037 ## - SOURCE OF ACQUISITION
Source of stock number/acquisition DBAD / PUB
040 ## - CATALOGING SOURCE
Original cataloging agency DPL
Language of cataloging HN
082 ## - DEWEY DECIMAL CLASSIFICATION NUMBER
Classification number 821.08
100 ## - MAIN ENTRY--PERSONAL NAME
Personal name रामसुहागसिंह
9 (RLIN) 21360
245 ## - TITLE STATEMENT
Title कला प्रकाश /
Statement of responsibility, etc रामसुहागसिंह
246 ## - VARYING FORM OF TITLE
Title proper/short title Kala parkash
Remainder of title by Ramsuhugsingh
250 ## - EDITION STATEMENT
Edition statement 2रा संस्क
260 ## - PUBLICATION, DISTRIBUTION, ETC. (IMPRINT)
Place of publication, distribution, etc नई दिल्ली
Name of publisher, distributor, etc आशा प्रकाशन गृह
Date of publication, distribution, etc 2009
270 ## - ADDRESS
Address 30, नाईवाला, करोलबाग
City नई दिल्ली
Postal code 110005
Telephone number 011- 28751221
Fax number 011- 28756324
300 ## - PHYSICAL DESCRIPTION
Extent 173पृ.
Dimensions 22सेमी (सजिल्द)
650 ## - SUBJECT ADDED ENTRY--TOPICAL TERM
9 (RLIN) 697
700 ## - ADDED ENTRY--PERSONAL NAME
9 (RLIN) 21361
942 ## - ADDED ENTRY ELEMENTS (KOHA)
Source of classification or shelving scheme Dewey Decimal Classification
Item type Hindi Books
Classification part 821.08
Call number suffix रामसु
Holdings
Withdrawn status Lost status Source of classification or shelving scheme Damaged status Not for loan Collection code Home library Current library Date acquired Source of acquisition Cost, normal purchase price Total Checkouts Full call number Barcode Date last seen Copy number Cost, replacement price Koha item type
    Dewey Decimal Classification   Not For Loan Non-fiction D.B.Act.Division D.B.Act.Division 24/09/2010 DBAD / PUB 250.00   821.08 रामसु HN-62934 24/09/2010 1 250.00 Hindi Books

© Delhi Public Library
Hit Counter
free hit counter